000 00294nam a2200133Ia 4500
005 20251222144641.0
008 251222s9999||||xx |||||||||||||| ||spa||
082 _a858.31/A72
100 _aAmosto, Ludovico
245 0 _aLe Opere Minori
250 _a2a.ed.
264 _bNuova
942 _cLIB
999 _c16680
_d16680